Eastern Utah Libraries Catalog: Duchesne, Heber, Roosevelt, & Vernal

The luckiest St. Patrick's Day ever! / (Record no. 176310)

MARC details
000 -LEADER
fixed length control field 01557pam a2200421 a 4500
008 - FIXED-LENGTH DATA ELEMENTS--GENERAL INFORMATION
fixed length control field 080211s2007 nyua j 000 1 eng d
020 ## - INTERNATIONAL STANDARD BOOK NUMBER
International Standard Book Number 9780545039437
020 ## - INTERNATIONAL STANDARD BOOK NUMBER
International Standard Book Number 0545039436
020 ## - INTERNATIONAL STANDARD BOOK NUMBER
International Standard Book Number 9780329643812 (Follett bdg.)
020 ## - INTERNATIONAL STANDARD BOOK NUMBER
International Standard Book Number 0329643819
040 ## - CATALOGING SOURCE
Original cataloging agency ICrlF
Transcribing agency ICrlF
Modifying agency ICrlF
082 04 - DEWEY DECIMAL CLASSIFICATION NUMBER
Classification number [E]
Edition number 22
035 ## - SYSTEM CONTROL NUMBER
System control number (IMchF)fol11878919
005 - DATE AND TIME OF LATEST TRANSACTION
control field 20241220154159.0
001 - CONTROL NUMBER
control field 57878
003 - CONTROL NUMBER IDENTIFIER
control field DCL
100 1# - MAIN ENTRY--PERSONAL NAME
Personal name Slater, Teddy.
9 (RLIN) 24119
245 14 - TITLE STATEMENT
Title The luckiest St. Patrick's Day ever! /
Statement of responsibility, etc by Teddy Slater ; illustrated by Ethan Long.
246 3# - VARYING FORM OF TITLE
Title proper/short title Luckiest Saint Patrick's Day ever!
260 ## - PUBLICATION, DISTRIBUTION, ETC. (IMPRINT)
Place of publication, distribution, etc New York :
Name of publisher, distributor, etc Scholastic,
Date of publication, distribution, etc c2007.
300 ## - PHYSICAL DESCRIPTION
Extent [26] p. :
Other physical details col. ill. ;
Dimensions 26 cm.
500 ## - GENERAL NOTE
General note "Cartwheel books."
520 ## - SUMMARY, ETC.
Summary, etc Colorful illustrations and simple rhyming text tells a story about the Leprechaun's special St. Patrick's Day parade and celebration.
521 0# - TARGET AUDIENCE NOTE
Target audience note 2.2
Source Follett Library Resources
521 2# - TARGET AUDIENCE NOTE
Target audience note K-3
Source Follett Library Resources
650 #0 - SUBJECT ADDED ENTRY--TOPICAL TERM
Topical term or geographic name as entry element Saint Patrick's Day
Form subdivision Juvenile fiction.
9 (RLIN) 5706288
650 #0 - SUBJECT ADDED ENTRY--TOPICAL TERM
Topical term or geographic name as entry element Leprechauns
Form subdivision Juvenile fiction.
9 (RLIN) 5706287
650 #1 - SUBJECT ADDED ENTRY--TOPICAL TERM
Topical term or geographic name as entry element Saint Patrick's Day
Form subdivision Fiction.
9 (RLIN) 5675703
650 #1 - SUBJECT ADDED ENTRY--TOPICAL TERM
Topical term or geographic name as entry element Leprechauns
Form subdivision Fiction.
9 (RLIN) 5675704
650 #1 - SUBJECT ADDED ENTRY--TOPICAL TERM
Topical term or geographic name as entry element Holidays
Form subdivision Fiction.
9 (RLIN) 5674138
650 #1 - SUBJECT ADDED ENTRY--TOPICAL TERM
Topical term or geographic name as entry element Stories in rhyme.
9 (RLIN) 6343000
650 #7 - SUBJECT ADDED ENTRY--TOPICAL TERM
Topical term or geographic name as entry element Saint Patrick's Day
Form subdivision Fiction.
Source of heading or term sears
9 (RLIN) 5675703
650 #7 - SUBJECT ADDED ENTRY--TOPICAL TERM
Topical term or geographic name as entry element Leprechauns
Form subdivision Fiction.
Source of heading or term sears
9 (RLIN) 5675704
650 #7 - SUBJECT ADDED ENTRY--TOPICAL TERM
Topical term or geographic name as entry element Holidays
Form subdivision Fiction.
Source of heading or term sears
9 (RLIN) 5674138
650 #7 - SUBJECT ADDED ENTRY--TOPICAL TERM
Topical term or geographic name as entry element Stories in rhyme.
Source of heading or term sears
9 (RLIN) 6343000
700 1# - ADDED ENTRY--PERSONAL NAME
Personal name Long, Ethan,
Relator term ill.
9 (RLIN) 50551
942 ## - ADDED ENTRY ELEMENTS (KOHA)
Koha item type UNKNOWN
Holdings
Withdrawn status Lost status Source of classification or shelving scheme Damaged status Not for loan Collection code Home library Current library Shelving location Date acquired Source of acquisition Cost, normal purchase price Total Checkouts Total Renewals Full call number Barcode Checked out Date last seen Date checked out Cost, replacement price Price effective from Koha item type
    Dewey Decimal Classification     Children Holiday Books Wasatch County Library Wasatch County Library Main Floor Childrens Area 03/06/2009 Penworthy 16.96 52 14 E St. Patrick's Day Slater 34301000812000 04/26/2026 02/27/2026 02/27/2026 16.96 03/20/2020 BOOK
    Dewey Decimal Classification     Children Holiday Books Wasatch County Library Wasatch County Library Main Floor Childrens Area 01/16/2009 Penworthy 15.95 52 12 E St. Patrick's Day Slater 34301000791550 03/13/2026 01/15/2026 01/15/2026 15.95 03/20/2020 BOOK
This project was made possible through a grant from the Institute of Museum and Library Service administered by the Utah State Library Division.

Wasatch County Library

  • 465 East 1200 South, Heber City, Utah 84032
  • Phone 435-654-1511 | Fax 435-654-6456

Hours

  • Monday - Friday 9:30 AM - 8:00 PM
  • Saturday 9:30 AM - 1:30 PM
  • Closed Sundays and Holidays